00926nam a2200193 i 4500001000700000003000900007005001700016008004100033100004100074245013900115260006100254300004400315490005200359700003000411830006000441852008900501999001900590952012300609188290ES-MaACL20240501063102.0180723s1921 it |||| | ita d1 aLeopardi, Giacomo,d1798-183797170410aParalipomeni della batracomiomachia e altre poesie ironiche e satiriche / cGiacomo Leopardi ; introduzione e note di Ettore Allodoli. aTorino : bUnione Tipografico-Editrice Torinese, c1921. aLX, 199 p., [2] p. de lám. ; c18 cm.1 aCollezione di classici italiani con note ; v321 aAllodoli, Ettore.91652490 aCollezione di classici italiani con note ; v329225670 aES-MaACLjL-32189 z.- Donat. herederos de la bibl. de Mª del Pilar Costa Palacín c188290d188290 00104070aATENEOMbATENEOMcDEPO2d2018-07-23eDONl0oL-32189p1199154r2023-02-23 00:00:00w2023-02-23yMONOGRAFIA